Mario Games with other Characters’ Names in the Title - Statistics

General Stats
  • This quiz has been taken 88 times
  • The average score is 10 of 16
Answer Stats
Character Game % Correct
Luigi Luigi's Mansion
88%
Luigi Luigi's Mansion: Dark Moon
84%
Luigi Luigi's Mansion 3
81%
Peach Super Princess Peach
72%
Luigi | Bowser Mario & Luigi: Bowser's Inside Story
63%
Luigi | Bowser Mario & Luigi: Bowser’s Inside Story + Bowser Jr.’s Journey
63%
Peach Princess Peach Showtime
61%
Luigi New Super Luigi U
60%
Bowser Super Mario 3D World + Bowser's Fury
58%
Toad Captain Toad: Treasure Tracker
55%
Luigi Mario & Luigi: Superstar Saga
55%
Luigi | Bowser Mario & Luigi: Superstar Saga + Bowser's Minions
54%
Luigi Mario & Luigi: Partners in Time
52%
Luigi Mario & Luigi: Dream Team
48%
Luigi Mario & Luigi: Paper Jam
45%
Luigi Dr. Luigi
43%
No matching quizzes found
Score Distribution
Percent of People with Each Score
Percentile by Number Answered
Your Score History
You have not taken this quiz